| 000 | 00860nam a2200253 i 4500 | ||
|---|---|---|---|
| 001 | 38363 | ||
| 003 | ES-MaACL | ||
| 005 | 20250513063018.0 | ||
| 007 | t| | ||
| 008 | 030225s1920 sp ||||1| spa d | ||
| 100 | 1 |
_9239594 _aCalderón de la Barca, Pedro, _d1600-1681 _eaut |
|
| 245 | 1 | 0 |
_aTeatro... / _cCalderón de la Barca ; prólogo de Justo Gómez Ocerín. |
| 260 |
_aMadrid : _b[s.n.], _c1920 ( _fImprenta Clásica Española) |
||
| 505 | 8 | _aContiene: T. I: El alcalde de Zalamea. La vida es sueño. El mágico prodigioso. El principe constante | |
| 650 | 1 | 4 |
_a _9239524 |
| 700 | 1 |
_aGómez Ocerín, Justo. _958080 |
|
| 740 | 3 | _aEl alcalde de Zalamea. | |
| 740 | 3 | _aLa vida es sueño. | |
| 740 | 3 | _aEl mágico prodigioso. | |
| 740 | 3 | _aEl principe constante. | |
| 852 |
_aES-MaACL _jF-14000 |
||
| 942 | _2udc | ||
| 999 |
_c38363 _d38363 |
||